| 000 | 00384nam a2200121Ia 4500 | ||
|---|---|---|---|
| 008 | 231129s1982||||xx |||||||||||||| ||spa|| | ||
| 082 | _aER- 588 | ||
| 100 | _aAPER- Asociación de Poetas y Escritores del Risaralda. (Personería Jurídica 1782 agosto 26 de 1981) | ||
| 245 | 0 | _aTestimonio Poético Nº 2 | |
| 260 | _c1982 | ||
| 264 | _aPereira: [s.no.] 1982 | ||
| 942 |
_2ddc _cBKS |
||
| 999 |
_c25328 _d25328 |
||